000 00625nam a22001937a 4500
999 _c180404
_d180404
005 20210809143026.0
010 _aENG-129689
020 _c295.00
_a9789390157013
035 _aEN-113221
037 _bDBAD/PUB
082 _a158.1
100 _aSinha,Mosam
245 _aLife Skills:
_bApproach to life &its Situations/
_cMosam Sinha
250 _a2020
260 _aNew Delhi
_bD.P.S Publishing House
_c2020
270 _a4598/12B,Gola Cottage, Ansari+- Road, Darya Ganj
_bNew Delhi
_e110002
_k011-43586184
_mdpspublishinghouse@gmail.com
300 _a104 p.
_c24cm(pbk)
942 _2ddc
_cEN
_h158.1
_kSIN